Statistics for Philosophical Schools and Movements

Click here to take the quiz!

General Stats

  • This quiz has been taken 37 times
  • The average score is 8 of 17

Answer Stats

HintAnswer% Correct
Zeno of Citium, Seneca, Marc AurelStoicism
81%
Sartre, Camus, BeauvoirExistentialism
71%
Descartes, Spinoza, LeibnizRationalism
61%
Locke, Hume, BerkeleyBritish empiricism
58%
Beauvoir, Zetkins, ButlerFeminism
58%
Antisthenes, Diogenes, CratesCynicism
55%
Erasmus, More, MelanchtonHumanism
48%
Plotinus, Porphyry, Ammonius SaccasNeoplatonism
45%
Kropotkin, Bakunin, ChomskyAnarchism
42%
Fichte, Schelling, HegelGerman Idealism
42%
Bloch, Gramsci, AlthusserNeomarxism
42%
Husserl, Jaspers, HeideggerPhenomenology
42%
Lyotard, Baudrillard, FoucaultPostmodernity
42%
Dewey, Peirce, JamesPragmatism
42%
Aquinas, Bonaventure, OckhamScholasticism
42%
Adorno, Horkheimer, MacuseFrankfurt School
35%
Neurath, Carnap, SchlickVienna Circle
32%

Score Distribution

Percentile by Number Answered

Percent of People with Each Score

Your Score History

You have not taken this quiz